00679nam a2200157 a 450000100100000000500170001000800410002704000250006808200250009310000310011824500530014926000790020230000220028195202010030399900170050400004629220201002052751.0150716s1984 dr 000 0 spa d aDO-SdBNPbspacBNPHU axxxxxxxxxbxxxxxxxxx1 aJ. Franco, Franklin97430610a¿Revolución inminente? /cFranklin J. Franco. aSanto Domingo, República Dominicana :bFebreristasbAlfa y Omega,c1984. a27 p. : ;c18 cm. 0010718PDaPDbPDcHDd2015-07-16iLF1l0oxxxxxxxxx xxxxxxxxxp46292-10r2020-06-25w2020-06-25yLFPDzPerteneció a la biblioteca personal de Chiqui Vicioso / Fidelio Despradel.ZNo se presta c45781d45781